000 00307nam a22001337a 4500
008 170707b xxu||||| |||| 00| 0 eng d
020 _a9780205655113
041 _aeng
080 _24 ED
_a82
100 _a22
101 _aGJL
245 _aLITERATURE A POCKET ANTHOLOGY
_cGWYNN.R.S
942 _2udc
_cBK
999 _c20025
_d20025